| 000 | 00783nam a22002417a 4500 | ||
|---|---|---|---|
| 003 | OSt | ||
| 008 | 231026t1992 ck gr 001 j spa d | ||
| 020 | _a9586120988 | ||
| 037 | _3Donación | ||
| 040 |
_aCO-JMCR _cCO-JMCR _dCO-JMCR _erda |
||
| 041 | 0 | _aspa | |
| 082 | 0 | 4 |
_aA-C _bVALr |
| 100 | 1 |
_aValencia, Reinaldo, _eautor _943759 |
|
| 245 | 1 | 0 |
_aRio abajo / _cReinaldo valencia |
| 264 |
_aQuibdó : _bBiblioteca del Darién , _c©1992 |
||
| 300 |
_a121 páginas ; _c19 cm. |
||
| 500 | _aIncluye datos biográficos del autor | ||
| 505 | 0 | _aRío abajo, pág. 19 -- Los abanicos, pág. 22 -- Los arboles, pág. 22 | |
| 650 | 2 | 4 |
_913727 _zColombia |
| 650 | 3 | 4 | _943550 |
| 999 |
_c30307 _d16691 |
||